| 000 -CABECERA |
| Longitud fija campo de control |
00792nam a2200253 a 4500 |
| 001 - NÚMERO DE CONTROL |
| Número de control |
3809 |
| 003 - IDENTIFICADOR DEL NÚMERO DE CONTROL |
| Identificador del número de control |
CDMR |
| 005 - FECHA Y HORA DE LA ÚLTIMA TRANSACCIÓN |
| Fecha y hora de la última transacción |
20131203101256.0 |
| 008 - CÓDIGOS DE INFORMACIÓN DE LONGITUD FIJA |
| Códigos de información de longitud fija |
130130s1984||||||||||||||||||||||||||||d |
| 020 ## - NÚMERO INTERNACIONAL NORMALIZADO PARA LIBROS |
| Número Internacional Normalizado para Libros (ISBN) |
8486153565 |
| 040 ## - FUENTE DE LA CATALOGACIÓN |
| Centro catalogador de origen |
CDMR |
| Lengua de catalogación |
cat |
| Centro transcriptor |
CPC GIRONA |
| 245 14 - MENCIÓN DE TÍTULO |
| Título |
¿ La cultura contra la democracia ? |
| Resto del título |
: lo audiovisual en la época transnacional |
| Mención de responsabilidad, etc. |
Armand Mattelard, Xavier Delcourt, Michèle Mattelart |
| 260 ## - PUBLICACIÓN, DISTRIBUCIÓN, ETC. (PIE DE IMPRENTA) |
| Fecha de publicación, distribución, etc. |
1984 |
| Nombre del editor, distribuidor, etc. |
Mitre |
| Lugar de publicación, distribución, etc. |
Barcelona |
| 300 ## - DESCRIPCIÓN FÍSICA |
| Extensión |
207 p. |
| 490 0# - MENCIÓN DE SERIE |
| Mención de serie |
Nuevos Signos |
| 650 0# - PUNTO DE ACCESO ADICIONAL DE MATERIA - TÉRMINO DE MATERIA |
| 9 (RLIN) |
3211 |
| Término de materia o nombre geográfico como elemento inicial |
Comunicació i cultura |
| 650 0# - PUNTO DE ACCESO ADICIONAL DE MATERIA - TÉRMINO DE MATERIA |
| 9 (RLIN) |
3478 |
| Término de materia o nombre geográfico como elemento inicial |
Cultura de massa |
| 650 0# - PUNTO DE ACCESO ADICIONAL DE MATERIA - TÉRMINO DE MATERIA |
| 9 (RLIN) |
4395 |
| Término de materia o nombre geográfico como elemento inicial |
Pluralisme cultural |
| 650 0# - PUNTO DE ACCESO ADICIONAL DE MATERIA - TÉRMINO DE MATERIA |
| 9 (RLIN) |
4426 |
| Término de materia o nombre geográfico como elemento inicial |
Política i cultura |
| 700 1# - PUNTO DE ACCESO ADICIONAL - NOMBRE DE PERSONA |
| 9 (RLIN) |
379 |
| Nombre de persona |
Mattelart, Armand |
| 700 1# - PUNTO DE ACCESO ADICIONAL - NOMBRE DE PERSONA |
| 9 (RLIN) |
4411 |
| Nombre de persona |
Delcourt, Xavier |
| 700 1# - PUNTO DE ACCESO ADICIONAL - NOMBRE DE PERSONA |
| 9 (RLIN) |
3403 |
| Nombre de persona |
Mattelart, Michèle |
| 942 ## - ENTRADA DE ELEMENTOS AGREGADOS (KOHA) |
| Koha [por defecto] tipo de item |
Monografies |
| Fuente de clasificaión o esquema |
|